K demokracii i komunikačnou cestou
Komunikácia je rozhodujúcou zložkou každého sociálneho, administratívneho alebo technického systému. Platí to aj pre verejnú správu, ktorej efektívnosť v rozhodujúcej miere podmieňuje úroveň komunikácie. Názory občanov na obsah i podobu dialógu vo verejnej správe. Čo zaujíma občanov. Priama komuniká...
Guardado en:
| Autor principal: | |
|---|---|
| Formato: | Capítulo de libro |
| Lenguaje: | eslovaco |
| Materias: | |
| Etiquetas: |
Sin Etiquetas, Sea el primero en etiquetar este registro!
|
MARC
| LEADER | 00000naa$a2200000$$$4500 | ||
|---|---|---|---|
| 001 | 0054991 | ||
| 005 | 20231016085347.0 | ||
| 041 | 0 | |a slo | |
| 044 | |a SK | ||
| 245 | 1 | 0 | |a K demokracii i komunikačnou cestou |c Peter Kamenec |
| 520 | |a Komunikácia je rozhodujúcou zložkou každého sociálneho, administratívneho alebo technického systému. Platí to aj pre verejnú správu, ktorej efektívnosť v rozhodujúcej miere podmieňuje úroveň komunikácie. Názory občanov na obsah i podobu dialógu vo verejnej správe. Čo zaujíma občanov. Priama komunikácia je skôr zriedkavá než pravidelná, skôr náhodná ako systematická. Aká je "váha" občanovho názoru. | ||
| 610 | 2 | 0 | |a komunikácia |
| 610 | 2 | 0 | |a správa verejná |
| 610 | 2 | 0 | |a občania |
| 610 | 2 | 0 | |a pracovníci administratívni |
| 100 | 1 | |a Kamenec, Peter | |